000 00903nam a2200361 a 4500
003 AR-BaBNM
005 20251128204357.0
008 082120s2002 ||||||||||||||000 | spa||
020 _a950-07-0529-X
040 _cAR-BaBNM
100 1 _aRoldán, Gustavo
245 0 0 _aProhibido el elefante
250 _a2ª ed.
260 _aBuenos Aires
_bSudamericana
_c1993
300 _a54 p.
_bil.
490 0 _aPan flauta
_vv. 7
500 _aContiene índice de los cuentos
500 _aBiografías del autor y del ilustrador
650 4 _aCUENTO INFANTIL
650 4 _aLITERATURA INFANTIL
650 4 _aCULTURA
650 4 _aHUMANIDADES
650 4 _aHUMOR
650 4 _aLIBROS PARA NIÑOS
650 4 _aANIMALES
650 4 _aFABULAS
651 4 _aArgentina
655 _aLITERATURA
700 1 _aPereyra, Luis
_eilustrador
800 0 _aCanela
942 _cBK
998 _cisola
999 _c7215
_d7215